Freie- und Reichsstädte des Heiligen Römischen Reichs - Statistiken

Allgemein
  • Dieses Quiz wurde 192 mal gespielt
  • Das Durchschnittsergebnis liegt bei 21 aus 116
Antwortstatistiken
Stadt % Korrekt
Hamburg
83%
Köln
82%
Frankfurt am Main
79%
Bremen
77%
Lübeck
73%
Augsburg
66%
Nürnberg
66%
Aachen
64%
Dortmund
56%
Freiburg im Üechtland
52%
Ulm
50%
Regensburg
46%
Bern
43%
Konstanz
42%
Wien
41%
Aalen
40%
Essen
40%
Zürich
38%
Basel
37%
Straßburg
37%
Worms
37%
Speyer
35%
Memmingen
33%
Kempten
30%
Duisburg
26%
Lindau
26%
Esslingen am Neckar
25%
Heilbronn
25%
Ravensburg
25%
Rothenburg ob der Tauber
25%
Reutlingen
23%
Goslar
21%
Kaiserslautern
21%
Luzern
20%
Metz
19%
Rottweil
19%
Offenburg
18%
Schweinfurt
18%
Kaufbeuren
17%
Mühlhausen
17%
Nördlingen
17%
Zwickau
17%
Chemnitz
16%
Wetzlar
16%
Colmar
15%
Dinkelsbühl
15%
Villingen
15%
Nordhausen
14%
Weil der Stadt
13%
Donauwörth
12%
Schwäbisch Hall
12%
St. Gallen
12%
Schaffhausen
11%
Wangen
11%
Landau in der Pfalz
10%
Neuenburg am Rhein
10%
Zug
10%
Düren
9%
Leutkirch
9%
Mülhausen
9%
Pfullendorf
9%
Schwäbisch Gmünd
9%
Überlingen
9%
Zell am Harmersbach
9%
Isny
8%
Weißenburg
8%
Bopfingen
7%
Buchau
7%
Buchhorn
7%
Feuchtwangen
7%
Gelnhausen
7%
Giengen an der Brenz
7%
Herford
7%
Winterthur
7%
Altenburg
6%
Friedberg
6%
Hagenau
6%
Schlettstadt
6%
Solothurn
6%
Türkheim
6%
Bisanz
5%
Boppard
5%
Gengenbach
5%
Verden
5%
Wimpfen
5%
Windsheim
5%
Andernach
4%
Biberach an der Riß
4%
Kaiserswerth
4%
Markgröningen
4%
Mosbach
4%
Nimwegen
4%
Rheinfelden
4%
Rosheim
4%
Eger
3%
Heidelsheim
3%
Neumarkt in der Oberpfalz
3%
Weinsberg
3%
Deventer
2%
Endingen am Kaiserstuhl
2%
Germersheim
2%
Kaisersberg
2%
Kampen
2%
Münster im Gregorienthal
2%
Oberehnheim
2%
Oberwesel
2%
Oppenheim
2%
Pfeddersheim
2%
Tull
2%
Zwolle
2%
Gerolzhofen
1%
Haßfurt
1%
Neckargemünd
1%
Odernheim
1%
Weißenburg im Nordgau
1%
Wirten
1%
Keine übereinstimmenden Quizze gefunden
Verteilung der Resultate
Anzahl Personen mit jedem Resultat
Perzentil nach korrekt beantworteten Fragen
Ihre Resultats-Entwicklung
Sie haben dieses Quiz noch nicht gespielt